000 00686nam a2200289Ia 4500
005 20260324133527.0
008 008 260324s9999 xx 000 0 eng d
020 _a9781315000725
037 _aEBOOK
040 _aCRL
040 _beng
040 _cCRL
041 _2eng
041 _aeng
084 _qCRL
100 _aToby Dodge
_91193437
245 0 _aIraq at the Crossroads
245 0 _bState and Society in the Shadow of Regime Change
260 _bTaylor and Francis
260 _c2003
365 _a
365 _b290
856 _uhttp://www.taylorfrancis.com/books/9781315000725
942 _cEBOOK
999 _c1792549
_d1792549